000 01020nam a2200313 i 4500
003 EG-GICUC
005 20260208162639.0
008 260208s1961 fr ||fr|||| 001 0 fre d
040 _aEG-GiCUC
_bfre
_cEG-GiCUC
_dEG-GiCUC
_eRda
041 0 _afre
082 0 4 _221
_a341.84
_bGR . P
092 0 4 _221
099 _aLaw1 12 341.84 GR . P 1961
100 1 _aGraulich, Paul
_eAuteur
245 1 3 _aPrincipes De Droit International Privé :
_bConflit De Lois Conflit De Juridictions /
_cPaul Graulich.
264 3 _aParis :
_bLibrairie Dalloz,
_c1961.
300 _a215 page,
_c24 cm.
336 _2rda contenu
_a texte
337 _2rda medias
_aOrdinateur
338 _2 transporteur rda
_a Ressource en ligne
504 _aComprend des références bibliographiques et un index.
504 _a
546 _aTexte en français
650 1 4 _aDroit international privé
_2
651 1 _2
856 4 0 _uhttps://fll.law.cu.edu.eg/fulltext/bks/B12-01857.pdf
905 _a48
942 _2ddc
_cBK
_e21
_n0
999 _c61685
_d61685